000 03149cam a2200277 4500500
005 20260111145821.0
041 _afre
042 _adc
100 1 0 _aAgelopoulos, Georgios
_eauthor
245 0 0 _aAutochtones et anthropologues
260 _c2005.
500 _a94
520 _aRésuméDurant la dernière décennie, la région de Florina, en Macédoine grecque occidentale, a attiré l’intérêt d’au moins dix anthropologues sociaux, qui étudient des aspects de la formation nationale dans le Sud-Est européen. Le choix de Florina comme terrain d’enquête est lié au tracé d’une frontière entre trois nations [Grèce, Albanie, république de Macédoine], à la composition de la population et au développement de mouvements de minorités dans la région. L’auteur relate ici l’expérience d’une approche ethnographique du terrain, Florina, où il séjourne durant quatre ans. Son enquête porte sur trois points : la relation entre les formes de savoir anthropologiques et autochtones ; la façon dont les anthropologues perçoivent le travail anthropologique et, enfin, leurs procédés d’autodéfinition.
520 _aThe choice of Florina as field study is due to its situation in the border zone of three countries [Greece-Albania- fyrom (Former Yugoslav Republic of Macedonia)], to the composition of its population and to the development of movements of minorities in the area. In the last ten years this region (Greek western Macedonia) drew therefore the attention of some ten social anthropologists interested in the recomposition of national frontiers in the European South-East. The author describes his four-year ethnographical field experience in Florina. His study bears on three points : the relation between the forms of anthropological and autochtonous knowledge ; the way anthropologists perceive their work and lastly their processes of self-definition.
520 _aZusammenfassungDie Wahl Florinas als Feldstudie liegt an seiner Lage in der Grenzzone dreier Länder (Griechenland, Albanien, fyrom/Mazedonien), an der Zusammensetzung seiner Bevölkerung und an der Entwicklung von Minoritätenbewegungen in dieser Gegend (griechischem Westmakedonien). In den letzten zehn Jahren zog deshalb diese Gegend (griechisches Westmakedonien) die Aufmerksamkeit von etwa zehn Sozialanthropologen, die sich für die Rekomposition der nationalen Grenzen in dem europäischen Südosten interessieren. Der Autor bezieht sich auf seine vierjährige ethnographische Feldstudie in Florina und behandelt drei Punkte : die Beziehung zwischen den Formen des anthropologischen und autochtonen Wissens ; die Weise wie die Anthropologen ihre Arbeit erfassen und endlich ihre Sebstdefinitionsprozesse.
690 _aethnographie
690 _aFlorina
690 _aMacédoine
690 _aminorités
690 _aethnography
690 _aFlorina
690 _aMacedonia
690 _aminorities
786 0 _nEthnologie française | 35 | 2 | 2005-06-01 | p. 305-315 | 0046-2616
856 4 1 _uhttps://shs.cairn.info/revue-ethnologie-francaise-2005-2-page-305?lang=fr&redirect-ssocas=7080
999 _c1636525
_d1636525